Sports Quiz

Random Sports or Famous Quiz

Triple Crown Winners (US) Quiz Stats

 Plays Quiz Updated Jun 9, 2018

Score 0/13 Timer 03:00
2 Plays Today
Year Winning Horse % Correct
1973Secretariat
93.1%
2015American Pharoah
81.4%
1977Seattle Slew
75.4%
2018Justify
74.6%
1978Affirmed
72.7%
1937War Admiral
62.9%
1948Citation
57.4%
1919Sir Barton
50.7%
1941Whirlaway
49.5%
1935Omaha
46.9%
1930Gallant Fox
45.2%
1946Assault
42.9%
1943Count Fleet
42.4%

You're not logged in!

Compare scores with friends on all Sporcle quizzes.
OR
Log In

Sporcle TV

Today on Sporcle TV


Watch our educational content, quiz creation guides, and fun videos on Sporcle TV.

Show Comments

Extras

Top Quizzes Today


Score Distribution

Your Account Isn't Verified!

In order to create a playlist on Sporcle, you need to verify the email address you used during registration. Go to your Sporcle Settings to finish the process.

Report this User

Report this user for behavior that violates our Community Guidelines.

Details: